01186nam a2200157 a 4500041000800000100003100008245018500039260004900224300001100273520061400284650002100898650002600919650002600945650002100971650003600992 aspa aBarrios Leal, Dora Yovana  aEvaluación genética de los bosques de roble (Quercus humboldtii) en la jurisdicción de la línea de investigación en Conservación de la Biodiversidad en Paisajes Rurales aCalibInstituto Alexander von Humboldtc2005 a27 p. aSe realizó un análisis global de la diversidad genética del roble andino Q. humboldtii recurriendo a la técnica de marcadores microsatélites, diseñados para los robles rojos del hemisferio norte para estimar con precisión los procesos genéticos -diversidad genética, estructura genética y flujo de genes- en poblaciones representativas. Se evaluaron cinco poblaciones y ocho loci microsatelitales. Los resultados obtenidos sugieren una alta diversidad y una baja estructura genética en las cinco poblaciones muestreadas, indicando una alta tasa de flujo genético entre las poblaciones. aMicrosatélites aDiversidad genética aEstructura genética aPaisajes rurales aConservación de biodiversidad